[Event "COL-ch U20"]
[Site "Cali"]
[Date "2024.03.01"]
[Round "5"]
[White "Ayala Delgado, Sergio Alejandro"]
[Black "Castro Castro, Joaquin"]
[Result "1-0"]
[WhiteElo "2089"]
[BlackElo "1945"]
[PlyCount "145"]
[EventDate "2024.02.28"]
[EventType "swiss"]
[EventRounds "9"]
[EventCountry "COL"]
[SourceTitle "CB11_2024"]
[SourceDate "2024.03.13"]
[SourceVersion "1"]
[SourceVersionDate "2024.03.13"]
[SourceQuality "1"]

1. e4 e5 2. Nf3 Nc6 3. Nc3 Nf6 4. Bb5 Nd4 5. Nxd4 exd4 6. e5 dxc3 7. exf6 Qxf6 8. dxc3 Qe5+ 9. Be2 Bc5 10. 0-0 0-0 11. Bf3 c6 12. Re1 Qf6 13. c4 d6 14. Rb1 Qh4 15. Qe2 Be6 16. b3 Rfe8 17. g3 Qf6 18. Bb2 Bd4 19. Bxd4 Qxd4 20. Red1 Qc5 21. Qd2 Rad8 22. Qd4 Qa5 23. a4 Qc5 24. c3 Bf5 25. Ra1 a6 26. a5 Bc2 27. b4 Qf5 28. Bg4 Qg6 29. Re1 h6 30. Bf3 Qd3 31. Re3 Rxe3 32. fxe3 Re8 33. Re1 Qxd4 34. cxd4 Be4 35. Kf2 f5 36. Rc1 Rc8 37. Be2 Kf7 38. Ra1 Ke7 39. Ke1 g6 40. Kd2 Rf8 41. Rc1 Rc8 42. Rc3 g5 43. Rc1 Rc7 44. h3 Rc8 45. Bd3 Kd7 46. Rf1 Ke7 47. g4 Bxd3 48. Kxd3 fxg4 49. hxg4 Rg8 50. Ke4 Ke6 51. d5+ cxd5+ 52. cxd5+ Ke7 53. Rc1 Kd7 54. Rh1 Re8+ 55. Kd4 Rh8 56. e4 Rh7 57. e5 dxe5+ 58. Kxe5 Re7+ 59. Kd4 Rh7 60. Kc5 h5 61. gxh5 g4 62. Rg1 Rxh5 63. Rxg4 Rh6 64. Rg7+ Kc8 65. Re7 Rg6 66. Re6 Rg4 67. Kd6 Rg8 68. Rf6 Rd8+ 69. Kc5 Kb8 70. Kb6 Kc8 71. d6 Kb8 72. d7 Ka8 73. Re6 1-0

[Event "Pereira Fiestas de la Cosecha op"]
[Site "Pereira"]
[Date "2023.08.26"]
[Round "5"]
[White "Esmeraldas Huachi, Anderson Yahir"]
[Black "Castro Castro, Joaquin"]
[Result "1/2-1/2"]
[WhiteElo "2141"]
[BlackElo "1900"]
[PlyCount "72"]
[EventDate "2023.08.24"]
[EventType "swiss"]
[EventRounds "7"]
[EventCountry "COL"]
[SourceTitle "EXT 2024"]
[Source "ChessBase"]
[SourceDate "2023.10.10"]
[SourceVersion "1"]
[SourceVersionDate "2023.10.10"]
[SourceQuality "1"]

1. d4 Nf6 2. Nf3 d5 3. c4 e6 4. Nc3 Bb4 5. Qa4+ Nc6 6. Ne5 Bd7 7. Nxc6 Bxc3+ 8. bxc3 Bxc6 9. Qc2 dxc4 10. Ba3 Ne4 11. e3 b5 12. Be2 Qg5 13. Bf3 f5 14. h4 Qd8 15. Bh5+ g6 16. Bd1 Nd6 17. f3 Qf6 18. Qf2 e5 19. Bc5 e4 20. a4 a6 21. h5 g5 22. 0-0 0-0 23. Bc2 Qh6 24. fxe4 Bxe4 25. axb5 axb5 26. Rxa8 Bxa8 27. Bxd6 Qxd6 28. Bxf5 Kg7 29. Qe2 Qg3 30. Bd7 Rxf1+ 31. Kxf1 Be4 32. Kg1 b4 33. cxb4 c3 34. Ba4 c2 35. Bxc2 Bxc2 36. Qxc2 Qe1+ 1/2-1/2

[Event "Medellin Feria de las Flores op"]
[Site "Medellin"]
[Date "2022.08.03"]
[Round "1"]
[White "Barrientos Chavarriaga, Sergio E"]
[Black "Castro Castro, Joaquin"]
[Result "1-0"]
[WhiteElo "2477"]
[BlackElo "1813"]
[PlyCount "81"]
[EventDate "2022.08.03"]
[EventType "swiss"]
[EventRounds "9"]
[EventCountry "COL"]
[SourceTitle "CBM 209 Extra"]
[Source "ChessBase"]
[SourceDate "2022.09.30"]
[SourceVersion "1"]
[SourceVersionDate "2022.09.30"]
[SourceQuality "1"]

1. e4 c5 2. Nf3 g6 3. h4 h5 4. Bc4 Nc6 5. c3 Nf6 6. d3 Bg7 7. Nbd2 0-0 8. a4 d5 9. exd5 Nxd5 10. Ne4 Bg4 11. Nxc5 b6 12. Ne4 Ne5 13. Qe2 a6 14. d4 Nxc4 15. Qxc4 b5 16. Qb3 b4 17. c4 Nf6 18. Neg5 Qc7 19. 0-0 a5 20. Re1 Rac8 21. c5 Bxf3 22. Qxf3 Ng4 23. Bf4 e5 24. Bg3 Rfe8 25. d5 f6 26. d6 Qd7 27. Qd5+ Kh8 28. Nf7+ Kh7 29. f3 Nh6 30. Nxh6 Bxh6 31. Bf2 Rc6 32. Rad1 Kg7 33. Re4 Rec8 34. Rc4 Bf4 35. g3 Bh6 36. Kg2 Ra6 37. b3 Kh7 38. c6 Raxc6 39. Rxc6 Rxc6 40. Qxc6 Qxc6 41. d7 1-0

[Event "COL Subzt 2.3.4"]
[Site "Risarald"]
[Date "2021.11.25"]
[Round "5"]
[White "Castro Castro, Joaquin"]
[Black "Contreras Gonzalez, Cristian David"]
[Result "1-0"]
[WhiteElo "1607"]
[BlackElo "1186"]
[PlyCount "31"]
[EventDate "2021.11.23"]
[EventType "swiss"]
[EventRounds "9"]
[EventCountry "COL"]
[SourceTitle "CBM 205 Extra"]
[Source "ChessBase"]
[SourceDate "2022.01.31"]
[SourceVersion "1"]
[SourceVersionDate "2022.01.31"]
[SourceQuality "1"]

1. e4 e5 2. Nf3 Nc6 3. Bc4 Bc5 4. c3 d6 5. d3 a6 6. h3 Nf6 7. 0-0 0-0 8. Bb3 Bd7 9. Bg5 h6 10. Bh4 Qc8 11. Bxf6 gxf6 12. Nh4 Kh7 13. Qh5 Be6 14. Bxe6 Qxe6 15. Nf5 Qxf5 16. exf5 1-0

[Event "Feria de las Flores 28th"]
[Site "Medellin"]
[Date "2021.08.07"]
[Round "6"]
[White "De la Ossa, Carlos Enrique"]
[Black "Castro Castro, Joaquin"]
[Result "1/2-1/2"]
[WhiteElo "2006"]
[BlackElo "1493"]
[PlyCount "97"]
[EventDate "2021.08.04"]
[EventType "swiss"]
[EventRounds "9"]
[EventCountry "COL"]
[SourceTitle "EXT 2022"]
[Source "ChessBase"]
[SourceDate "2021.10.06"]
[SourceVersion "1"]
[SourceVersionDate "2021.10.06"]
[SourceQuality "1"]

1. e4 c5 2. Nf3 d6 3. d4 cxd4 4. Nxd4 Nf6 5. Nc3 g6 6. Be3 Bg7 7. Be2 Nc6 8. 0-0 0-0 9. f4 Bd7 10. Nb3 Rc8 11. Bf3 h5 12. h3 Na5 13. Nxa5 Qxa5 14. Bd4 Bc6 15. Nd5 Nxd5 16. exd5 Bd7 17. Re1 Rfe8 18. Bxg7 Kxg7 19. Qd4+ Kg8 20. c3 Qc5 21. Rad1 b5 22. g4 hxg4 23. hxg4 a5 24. a3 b4 25. axb4 axb4 26. cxb4 Qxd4+ 27. Rxd4 Rc2 28. Re2 Rxe2 29. Bxe2 Rc8 30. Rc4 Rxc4 31. Bxc4 Kf8 32. b5 Ke8 33. b6 Kd8 34. Kf2 Kc8 35. Ba6+ Kb8 36. g5 Bc8 37. Bb5 f6 38. Be8 Bf5 39. Bc6 fxg5 40. fxg5 Be4 41. Ke3 Bf5 42. Kd4 Bc2 43. Kc4 Be4 44. Kb5 Bd3+ 45. Kb4 Be4 46. Kb5 Bd3+ 47. Ka5 Be4 48. Kb5 Bd3+ 49. Kb4 1/2-1/2

[Event "COL-ch U20"]
[Site "Duitama"]
[Date "2021.03.21"]
[Round "6"]
[White "Beltran, Cristian"]
[Black "Castro Castro, Joaquin"]
[Result "0-1"]
[WhiteElo "1342"]
[BlackElo "1560"]
[PlyCount "101"]
[EventDate "2021.03.18"]
[EventType "swiss"]
[EventRounds "7"]
[EventCountry "COL"]
[SourceTitle "EXT 2022"]
[Source "ChessBase"]
[SourceDate "2021.10.06"]
[SourceVersion "1"]
[SourceVersionDate "2021.10.06"]
[SourceQuality "1"]

1. d4 Nf6 2. g3 g6 3. Bg2 Bg7 4. c4 d5 5. Nf3 c6 6. Bf4 Qb6 7. Qc2 Bf5 8. Qb3 dxc4 9. Qxb6 axb6 10. Nbd2 b5 11. Ne5 Nbd7 12. Nxc6 bxc6 13. Bxc6 Ra5 14. e4 Nxe4 15. Nxe4 Bxd4 16. Rd1 Bxe4 17. Bxe4 e5 18. Bc6 Ra7 19. Bxb5 0-0 20. Bxc4 Bxb2 21. Be3 Bc3+ 22. Ke2 Rc7 23. Bb3 Kg7 24. Rc1 Rfc8 25. Rhd1 Bb2 26. Rxd7 Bxc1 27. Rd3 Bxe3 28. Rxe3 f6 29. g4 Re7 30. f4 Rcc7 31. f5 Rcd7 32. h3 Rd4 33. Be6 Rf4 34. Rc3 Kh6 35. Rc8 gxf5 36. gxf5 Rg7 37. Rf8 Kg5 38. h4+ Rxh4 39. Kf3 Rf4+ 40. Ke3 h5 41. Rh8 Kh4 42. Rh6 Rg3+ 43. Ke2 Rb4 44. Rg6 Rb2+ 45. Kd1 Rgg2 46. Rxg2 Rxg2 47. a4 Rg7 48. Bb3 Kg4 49. Bc2 Kf4 50. Ke1 h4 51. Bd3 0-1

[Event "COL-ch U20"]
[Site "Duitama"]
[Date "2021.03.19"]
[Round "2"]
[White "Lopez Rayo, Isabella"]
[Black "Castro Castro, Joaquin"]
[Result "1-0"]
[WhiteElo "1738"]
[BlackElo "1560"]
[PlyCount "107"]
[EventDate "2021.03.18"]
[EventType "swiss"]
[EventRounds "7"]
[EventCountry "COL"]
[SourceTitle "EXT 2022"]
[Source "ChessBase"]
[SourceDate "2021.10.06"]
[SourceVersion "1"]
[SourceVersionDate "2021.10.06"]
[SourceQuality "1"]

1. e4 e6 2. d4 d5 3. Nd2 c5 4. exd5 exd5 5. Bb5+ Nc6 6. Ngf3 Nf6 7. 0-0 h6 8. Re1+ Be6 9. Ne5 Qc8 10. Qe2 Be7 11. dxc5 Bxc5 12. Nb3 Bb6 13. Be3 Bxe3 14. Qxe3 0-0 15. c3 a6 16. Bxc6 bxc6 17. Qc5 Nd7 18. Qxc6 Qxc6 19. Nxc6 Rfe8 20. Rad1 Nb6 21. Nba5 Na4 22. Rd2 Nc5 23. f3 Kf8 24. Red1 Na4 25. Nb4 Rab8 26. Nac6 Rb6 27. Rc1 Rc8 28. b3 Nxc3 29. Rxc3 Rxb4 30. Nxb4 Rxc3 31. Nxa6 Ke7 32. Nb4 Kd6 33. Kf2 Kc5 34. Nd3+ Kc6 35. Ke3 Kb5 36. Kd4 Rc7 37. Nf4 Ra7 38. Ke5 Re7 39. Nxe6 fxe6 40. Kd6 Ra7 41. Kxe6 d4 42. Rxd4 Rxa2 43. Rg4 g5 44. Kf6 Kc5 45. Kg6 Ra6+ 46. Kh5 Rf6 47. h4 gxh4 48. Kxh4 Rb6 49. b4+ Kb5 50. Kh5 Rd6 51. Rg6 Rd5+ 52. Kxh6 Kxb4 53. Re6 Rf5 54. Kg6 1-0